Encyclopedia on Police Laws (Record no. 1688474)

MARC details
000 -LEADER
fixed length control field 00536nam a22001937a 4500
005 - DATE AND TIME OF LATEST TRANSACTION
control field 20260306123526.0
008 - FIXED-LENGTH DATA ELEMENTS--GENERAL INFORMATION
fixed length control field 260305b |||||||| |||| 00| 0 eng d
020 ## - INTERNATIONAL STANDARD BOOK NUMBER
International Standard Book Number 9789391076450
040 ## - CATALOGING SOURCE
Transcribing agency FLL
041 ## - LANGUAGE CODE
Source of code eng
Language code of text/sound track or separate title eng
084 ## - COLON CLASSIFICATION NUMBER
Classification number Y:45:61:(Z).2 R3
100 ## - MAIN ENTRY--PERSONAL NAME
Personal name Verma Manish
245 ## - TITLE STATEMENT
Title Encyclopedia on Police Laws
Remainder of title As Applicable to Delhi, Haryana, Punjab and Chandigarh
250 ## - EDITION STATEMENT
Edition statement 1st.
260 ## - PUBLICATION, DISTRIBUTION, ETC.
Place of publication, distribution, etc. Delhi
Name of publisher, distributor, etc. Whitesmann
Date of publication, distribution, etc. 2023
300 ## - PHYSICAL DESCRIPTION
Extent lviii,1614p
650 ## - SUBJECT ADDED ENTRY--TOPICAL TERM
Topical term or geographic name entry element Criminal
942 ## - ADDED ENTRY ELEMENTS (KOHA)
Source of classification or shelving scheme Colon Classification (CC)
Koha item type Reference
100 ## - MAIN ENTRY--PERSONAL NAME
-- 1123613
650 ## - SUBJECT ADDED ENTRY--TOPICAL TERM
-- 1123614
999 ## -
-- 1688474
-- 1688474
Holdings
Withdrawn status Lost status Source of classification or shelving scheme Damaged status Not for loan Home library Current library Date acquired Source of acquisition Inventory number Total checkouts Full call number Barcode Date last seen Copy number Price effective from Koha item type
    Colon Classification (CC)     Faculty of Law Library Faculty of Law Library 2025-12-17 Satyam 1240, 17/12/2025   Y:45:61:(Z).2 R3 LL1943039 2026-03-05 1 2026-03-05 Reference
Copyright @ Delhi University Library System